Translating Finnish to English #2 - Statistics

General Stats
  • This quiz has been taken 37 times
  • The average score is 27 of 56
Answer Stats
Finnish English % Correct
Saksa Germany
93%
Kanada Canada
81%
Jää Ice
81%
Uusi New
81%
Ruotsi Sweden
81%
Joulu Christmas
78%
Sininen Blue
74%
Voi Butter
74%
Jäätelö Icecream
74%
Aamu Morning
74%
Kakku Cake
70%
Ovi Door
70%
Iloinen Happy
70%
Nenä Nose
70%
Poliisi Police
70%
Korva Ear
67%
Tuuli Wind
67%
Timantti Diamond
63%
Appelsiini Orange
63%
Iltapäivä Afternoon
59%
Ryhmä Group
59%
Sairaala Hospital
59%
Puhelin Phone
59%
Lista List
56%
Mekko Dress
52%
Tuli Fire
52%
Kone Machine
52%
Vuori Mountain
52%
Pomo Boss
44%
Urhea Brave
44%
Perhonen Butterfly
44%
Haamu Ghost
44%
Hillo Jam
44%
Kivi Rock
44%
Matto Carpet
41%
Maissi Corn
41%
Mato Worm
41%
Hame Skirt
37%
Rekka Truck
37%
Universumi Universe
37%
Voileipä Sandwich
33%
Totuus Truth
33%
Yhtiö Company
30%
Sähkö Electricity
30%
Sulkaa Chocolate
26%
Rukoilla Pray
26%
Neulepaita Sweater
26%
Peruukki Wig
26%
Ankkuri Anchor
19%
Avaimenperä Keychain
19%
Osallistua Participate
19%
Strutsi Ostrich
15%
Turkoosi Turquoise
15%
Viikuna Fig
11%
Vastustaa Resist
11%
Höyry Vapour
4%
No matching quizzes found
Score Distribution
Percent of People with Each Score
Percentile by Number Answered
Your Score History
You have not taken this quiz